000 00458nam a2200145 i 4500
001 128683
003 ES-MaACL
007 t|
008 070523s1911 fr ||||1| fre d
100 1 _aTassy, Edme.
_9109376
245 1 3 _aLe travail d'idéation
_b: hypothèses sur les réactions centrales dans les phénomènes mentaux /
_cpar Edme Tassy.
260 _aParís [Tours :
_bE. Arrault],
_c1911.
300 _a316 p. ;
_c23 cm.
852 _aES-MaACL
_jB-7197
999 _c128683
_d128683